000 00725nam a2200265Ia 4500
005 20260302115421.0
008 008 260114s9999 xx 000 0 eng d
020 _a9781350360280
037 _aTextbook
040 _aCRL
040 _beng
040 _cCRL
041 _2eng
041 _aeng
084 _qCRL
100 _aMarissia Fragkou and Rebecca Benzie
_91121561
245 4 _aThe Methuen Drama Handbook of Women in Contemporary British Theatre
260 _bBloomsbury
260 _bMethuen Drama
260 _c2025
650 _aLiterary Studies
856 _uhttps://doi.org/10.5040/9781350360280?locatt=label:secondary_bloomsburyCollections
942 _cEBOOK
999 _c1686142
_d1686142